| 000 | 00388cam a2200157ua 4500 | ||
|---|---|---|---|
| 001 | 5907 | ||
| 008 | 131026n ii |||gr||||Z||||||eng | ||
| 020 | _a978-0-19-280105-0 | ||
| 040 | _cMAIN | ||
| 082 | _a909.03 | ||
| 245 | 1 | 1 | _aOxford Dictionary of World History |
| 260 |
_aNew York: _bOxford University, _c2001. |
||
| 300 | _a697p. | ||
| 653 | _aDictionary of World History | ||
| 942 | _cBK | ||
| 999 |
_c5061 _d5061 |
||